[Event "HUN-chT2 Charousek 1011"]
[Site "Hungary"]
[Date "2010.11.07"]
[Round "5"]
[White "Kantor, Gergely"]
[Black "Heiligermann, Gabor"]
[Result "1/2-1/2"]
[WhiteElo "2076"]
[BlackElo "2115"]
[PlyCount "119"]
[EventDate "2010.09.12"]
[EventType "team-tourn"]
[EventRounds "11"]
[EventCountry "HUN"]
[SourceTitle "EXT 2012"]
[Source "ChessBase"]
[SourceDate "2011.11.24"]
[SourceVersion "1"]
[SourceVersionDate "2011.11.24"]
[SourceQuality "1"]
[WhiteTeam "Decs II"]
[BlackTeam "Tapolca"]
[WhiteTeamCountry "HUN"]
[BlackTeamCountry "HUN"]

1. d4 d5 2. c4 c6 3. Nf3 Nf6 4. e3 e6 5. Nc3 Be7 6. Qc2 Nbd7 7. b3 0-0 8. Bd3 b6 9. 0-0 Bb7 10. Bb2 c5 11. cxd5 exd5 12. Ne5 Rc8 13. Nxd7 Qxd7 14. Bf5 Qc6 15. Bxc8 Rxc8 16. Qf5 Re8 17. Rac1 Bc8 18. Qd3 c4 19. bxc4 dxc4 20. Qe2 b5 21. Qf3 Qd7 22. a3 a5 23. Nb1 Bb7 24. Qe2 Be4 25. Rfd1 Nd5 26. Nc3 Nxc3 27. Rxc3 Bd5 28. Rcc1 Bg5 29. Qh5 h6 30. Bc3 Qb7 31. Qh3 b4 32. Rb1 Be7 33. axb4 axb4 34. f3 Rb8 35. Qg3 Qb6 36. e4 Bd6 37. Qf2 Bc6 38. e5 Bf8 39. d5 Ba4 40. Qxb6 Rxb6 41. Bd4 Rb5 42. Rdc1 Rxd5 43. Rxc4 Bb5 44. Rcxb4 Bd3 45. R1b2 Bxb4 46. Rxb4 Rb5 47. Ra4 Rb7 48. Kf2 Bb5 49. Ra8+ Kh7 50. Ra2 Rd7 51. Ke3 Bc4 52. Rc2 Be6 53. Rd2 Rb7 54. Rb2 Rxb2 55. Bxb2 g5 56. g3 Kg6 57. Bc3 h5 58. Bb4 Kf5 59. Be7 g4 60. fxg4+ 1/2-1/2

[Event "HUN-chT2 Charousek 0910"]
[Site "Hungary"]
[Date "2010.04.18"]
[Round "10"]
[White "Odor, Istvan"]
[Black "Heiligermann, Gabor"]
[Result "1-0"]
[WhiteElo "1958"]
[BlackElo "2131"]
[PlyCount "63"]
[EventDate "2009.11.08"]
[EventType "team-tourn"]
[EventRounds "11"]
[EventCountry "HUN"]
[SourceTitle "EXT 2011"]
[Source "ChessBase"]
[SourceDate "2010.11.26"]
[SourceVersion "1"]
[SourceVersionDate "2010.11.26"]
[SourceQuality "1"]
[WhiteTeam "Sarvar"]
[BlackTeam "Tapolca"]
[WhiteTeamCountry "HUN"]
[BlackTeamCountry "HUN"]

1. e4 c5 2. Nf3 Nc6 3. d4 cxd4 4. Nxd4 Nf6 5. Nc3 e5 6. Ndb5 d6 7. Bg5 a6 8. Na3 Be6 9. Nc4 Rc8 10. Nd5 Bxd5 11. Bxf6 gxf6 12. Qxd5 Nb4 13. Qd1 d5 14. exd5 Nxd5 15. c3 Bh6 16. Qh5 Bg5 17. Rd1 b5 18. Ne3 Bxe3 19. fxe3 Ke7 20. Qf3 Rc5 21. e4 Ke6 22. g3 Qd6 23. Bh3+ Ke7 24. Rxd5 Rxd5 25. exd5 Rd8 26. Bg2 Qc5 27. Rf1 Rd6 28. g4 h6 29. h4 b4 30. g5 bxc3 31. gxf6+ Ke8 32. Qxc3 1-0

[Event "HUN-chT2 Charousek 0910"]
[Site "Hungary"]
[Date "2010.03.21"]
[Round "8"]
[White "Heiligermann, Gabor"]
[Black "Szabo, Kristof"]
[Result "1-0"]
[WhiteElo "2131"]
[BlackElo "1966"]
[PlyCount "85"]
[EventDate "2009.11.08"]
[EventType "team-tourn"]
[EventRounds "11"]
[EventCountry "HUN"]
[SourceTitle "EXT 2011"]
[Source "ChessBase"]
[SourceDate "2010.11.26"]
[SourceVersion "1"]
[SourceVersionDate "2010.11.26"]
[SourceQuality "1"]
[WhiteTeam "Tapolca"]
[BlackTeam "Fehervar"]
[WhiteTeamCountry "HUN"]
[BlackTeamCountry "HUN"]

1. c4 Nf6 2. Nc3 Nc6 3. g3 e5 4. Bg2 Bc5 5. e3 0-0 6. Nge2 d6 7. d4 Bb4 8. 0-0 Bg4 9. f3 Bd7 10. Ne4 Nxe4 11. fxe4 Ba5 12. a3 Bb6 13. b4 a5 14. c5 Ba7 15. Qd2 Bg4 16. Bf3 Bxf3 17. Rxf3 g6 18. Bb2 Qg5 19. b5 Ne7 20. Qxa5 Qg4 21. Raf1 b6 22. Qc3 bxc5 23. dxe5 d5 24. e6 f6 25. Rxf6 d4 26. exd4 cxd4 27. Qd3 Rxf6 28. Rxf6 Rd8 29. Kg2 c5 30. h3 Qg5 31. Rf7 Re8 32. Bc1 Qe5 33. Nf4 c4 34. Qf3 d3 35. Nd5 Nxd5 36. exd5 Qd4 37. h4 d2 38. Rxa7 Qxa7 39. Bxd2 Rf8 40. Bf4 Qc5 41. d6 Qxb5 42. e7 Re8 43. Bh6 1-0

[Event "HUN-chT2 Charousek 0910"]
[Site "Hungary"]
[Date "2010.03.14"]
[Round "5"]
[White "Heiligermann, Gabor"]
[Black "Bors, Tamas"]
[Result "1-0"]
[WhiteElo "2250"]
[BlackElo "2131"]
[PlyCount "118"]
[EventDate "2009.11.08"]
[EventType "team-tourn"]
[EventRounds "11"]
[EventCountry "HUN"]
[SourceTitle "EXT 2011"]
[Source "ChessBase"]
[SourceDate "2010.11.26"]
[SourceVersion "1"]
[SourceVersionDate "2010.11.26"]
[SourceQuality "1"]
[WhiteTeam "Tapolca"]
[BlackTeam "Taban Spartacus"]
[WhiteTeamCountry "HUN"]
[BlackTeamCountry "HUN"]

1. c4 Nf6 2. Nc3 e5 3. Nf3 d6 4. d4 Nbd7 5. Bg5 h6 6. Bxf6 Qxf6 7. Nd5 Qd8 8. e4 g6 9. Qd2 Bg7 10. Be2 0-0 11. dxe5 dxe5 12. 0-0 Nc5 13. Qe3 Ne6 14. Rad1 c6 15. Nb4 Nd4 16. Nd3 Qe7 17. c5 b6 18. Rc1 Ba6 19. Nxd4 exd4 20. Qf3 Rfe8 21. Rfd1 Bb7 22. b4 b5 23. e5 a5 24. a3 axb4 25. axb4 Rad8 26. Qg3 Bxe5 27. Nxe5 Qxe5 28. Qxe5 Rxe5 29. Kf1 Re4 30. Rd3 Rh4 31. g3 Re4 32. Rcd1 Bc8 33. f3 Bh3+ 34. Kf2 Re7 35. Rxd4 Rde8 36. R1d2 Be6 37. Rd6 Rc7 38. Bd3 f5 39. Bb1 Kf7 40. Re2 Rce7 41. Bd3 Bd7 42. Rxe7+ Rxe7 43. g4 fxg4 44. Bxg6+ Kg7 45. Be4 gxf3 46. Kxf3 h5 47. Kf4 Bh3 48. Bxc6 Rf7+ 49. Kg3 Bg4 50. Be4 Re7 51. Kf4 Rf7+ 52. Ke3 Rf1 53. Rb6 Re1+ 54. Kd4 Be2 55. c6 Rc1 56. Bd5 Kf8 57. Ke5 Bc4 58. Rb8+ Ke7 59. Rb7+ Ke8 1-0

[Event "HUN-chT2 Charousek 0910"]
[Site "Hungary"]
[Date "2010.02.28"]
[Round "7"]
[White "Heiligermann, Gabor"]
[Black "Fodor, Tamas Sr"]
[Result "0-1"]
[WhiteElo "2131"]
[BlackElo "2024"]
[PlyCount "77"]
[EventDate "2009.11.08"]
[EventType "team-tourn"]
[EventRounds "11"]
[EventCountry "HUN"]
[SourceTitle "EXT 2011"]
[Source "ChessBase"]
[SourceDate "2010.11.26"]
[SourceVersion "1"]
[SourceVersionDate "2010.11.26"]
[SourceQuality "1"]
[WhiteTeam "Tapolca"]
[BlackTeam "Paks II"]
[WhiteTeamCountry "HUN"]
[BlackTeamCountry "HUN"]

1. c4 Nf6 2. Nc3 e6 3. e4 d6 4. d4 Be7 5. f4 0-0 6. Nf3 Na6 7. Bd3 Ne8 8. 0-0 c6 9. Be3 f5 10. Rc1 Nac7 11. e5 d5 12. c5 Bd7 13. a4 b6 14. b4 Qb8 15. Rb1 Qd8 16. Ng5 g6 17. Rf3 Ng7 18. Qd2 Nce8 19. Rh3 Bxg5 20. fxg5 Nh5 21. Ne2 Rf7 22. Rf1 Qe7 23. Rhf3 Nhg7 24. h4 Nc7 25. Nf4 Be8 26. Rh3 Nh5 27. Be2 Nxf4 28. Rxf4 Rg7 29. Rf1 Qd8 30. Bf4 Rb8 31. h5 bxc5 32. bxc5 Qc8 33. Kf2 Qb7 34. hxg6 Bxg6 35. Rc1 Ne8 36. Qc3 Qb4 37. Bd2 Qxc3 38. Bxc3 Rbb7 39. Bh5 0-1

[Event "HUN-chT2 Charousek 0910"]
[Site "Hungary"]
[Date "2009.12.06"]
[Round "3"]
[White "Heiligermann, Gabor"]
[Black "Amrein, Roland"]
[Result "0-1"]
[WhiteElo "2131"]
[BlackElo "2242"]
[PlyCount "120"]
[EventDate "2009.11.08"]
[EventType "team-tourn"]
[EventRounds "11"]
[EventCountry "HUN"]
[SourceTitle "EXT 2011"]
[Source "ChessBase"]
[SourceDate "2010.11.26"]
[SourceVersion "1"]
[SourceVersionDate "2010.11.26"]
[SourceQuality "1"]
[WhiteTeam "Tapolca"]
[BlackTeam "Pannonpower"]
[WhiteTeamCountry "HUN"]
[BlackTeamCountry "HUN"]

1. c4 Nf6 2. Nc3 g6 3. g3 Bg7 4. Bg2 0-0 5. d4 d6 6. e4 e5 7. Nge2 Nbd7 8. 0-0 c6 9. b3 exd4 10. Nxd4 Ng4 11. h3 Ngf6 12. Be3 Re8 13. Qd2 Nc5 14. f3 d5 15. Nc2 Ne6 16. cxd5 cxd5 17. exd5 Nf8 18. Rad1 Bf5 19. Bd4 Nh5 20. Bxg7 Kxg7 21. Ne4 Rc8 22. g4 Qb6+ 23. Rf2 Bxe4 24. fxe4 Nf6 25. Re1 Nxd5 26. Qd4+ Qxd4 27. Nxd4 Nb4 28. Ref1 Re7 29. Nb5 Nc6 30. Nd6 Rcc7 31. Nc4 Ne5 32. Ne3 Rc6 33. Nd5 Ree6 34. Kh2 Nfd7 35. Kg3 h6 36. h4 Nc5 37. g5 Ncd3 38. Rf6 a5 39. Bh3 Rxf6 40. Rxf6 Rc2 41. a3 hxg5 42. hxg5 Ra2 43. Rb6 Rxa3 44. Rxb7 a4 45. Nf6 Rxb3 46. Ra7 Nc6 47. Ra8 Nc5+ 48. Kg2 Rb8 49. Rxb8 Nxb8 50. Nd5 Nxe4 51. Bg4 Nc6 52. Bd1 a3 53. Bb3 Nd4 54. Ba2 Nxg5 55. Kf2 Nge6 56. Ke3 f5 57. Nc3 Kf6 58. Nb1 Nb5 59. Bc4 Ned4 60. Bg8 Ne6 0-1

[Event "HUN-chT2 Charousek 0809"]
[Site "Hungary"]
[Date "2009.04.19"]
[Round "11"]
[White "Heiligermann, Gabor"]
[Black "Kende, Gyorgy"]
[Result "1/2-1/2"]
[WhiteElo "2085"]
[BlackElo "2214"]
[PlyCount "74"]
[EventDate "2008.10.26"]
[EventType "team-tourn"]
[EventRounds "11"]
[EventCountry "HUN"]
[SourceTitle "EXT 2010"]
[Source "ChessBase"]
[SourceDate "2010.11.25"]
[SourceVersion "1"]
[SourceVersionDate "2010.11.25"]
[SourceQuality "1"]
[WhiteTeam "Tapolca"]
[BlackTeam "Honved"]
[WhiteTeamCountry "HUN"]
[BlackTeamCountry "HUN"]

1. c4 e5 2. Nc3 Nf6 3. g3 Bc5 4. Bg2 Nc6 5. e3 a6 6. Nge2 Ba7 7. d4 0-0 8. d5 Ne7 9. e4 d6 10. h3 Ng6 11. Qd3 c6 12. Bg5 h6 13. Be3 cxd5 14. cxd5 b5 15. 0-0 b4 16. Na4 Bd7 17. b3 Bb5 18. Qd2 Qa5 19. a3 Bxe3 20. Qxe3 bxa3 21. Rxa3 Nd7 22. Rfa1 Qb4 23. Bf1 f5 24. Nac3 f4 25. gxf4 Bxe2 26. Nxe2 Nxf4 27. Rxa6 Rxa6 28. Rxa6 Nc5 29. Rxd6 Nxe4 30. Rb6 Nxe2+ 31. Bxe2 Qe1+ 32. Bf1 Qb1 33. Qd3 Qb2 34. Qe2 Qd4 35. Qe3 Qb2 36. Qe2 Qb1 37. Qd3 Qb2 1/2-1/2

[Event "HUN-chT2 Charousek 0809"]
[Site "Hungary"]
[Date "2009.03.08"]
[Round "9"]
[White "Guzs, Laszlo"]
[Black "Heiligermann, Gabor"]
[Result "1/2-1/2"]
[WhiteElo "2044"]
[BlackElo "2085"]
[PlyCount "28"]
[EventDate "2008.10.26"]
[EventType "team-tourn"]
[EventRounds "11"]
[EventCountry "HUN"]
[SourceTitle "EXT 2010"]
[Source "ChessBase"]
[SourceDate "2010.11.25"]
[SourceVersion "1"]
[SourceVersionDate "2010.11.25"]
[SourceQuality "1"]
[WhiteTeam "Gyor Elektromos"]
[BlackTeam "Tapolca"]
[WhiteTeamCountry "HUN"]
[BlackTeamCountry "HUN"]

1. d4 d5 2. c4 c6 3. Nc3 Nf6 4. Nf3 e6 5. Bg5 Be7 6. e3 Nbd7 7. Bd3 dxc4 8. Bxc4 b5 9. Bd3 Bb7 10. 0-0 a6 11. Rc1 Rc8 12. Bxf6 Bxf6 13. Ne4 Be7 14. Bb1 c5 1/2-1/2